000 00900nam a2200265Ia 4500
003 OSt
005 20220923211230.0
006 a|||||r|||| 00| 0
007 ta
008 220922b |||||||| |||| 00| 0 pan d
020 _a9788171166756 (hbk)
_c325
024 _a331,456
037 _b233, 17/03/2018, National Book Shop
_cTextual
040 _aARTS
_cARTS
_bpan
041 _2pan
_apan
082 _aO153,2N371,HN, Q6
100 _aਰਵਿੰਦਰ ਰਵੀ, ਂਚ.
245 0 _aਹੋ੍ਵਦ ਨਿਹੋ੍ਵਦ
260 _aਦਿੱਲੀ
_b ਨੈFਨਲ ਬੂਕ Fਾਪ
_c2016
300 _a216ਪ0
_ccm.
650 _a ਪੰਜਾਬੀ ਨਾਟਕ
650 _aਪੰਜਾਬੀ ਸਾਹਿਤ
942 _hO153,2N371,HN, Q6
_cTEXL
_2CC
999 _c297354
_d297354